Responses for Show #4299 - Thursday, April 17, 2003

(Cheryl: Almost 60 years after she was launched, she's getting a well-deserved rest. Clues from the battleship Missouri coming up on Jeopardy!)

Contestants

[<< previous game]

Mark McCague, a territory manager originally from Pittsburgh, Pennsylvania

Gerry Waggett, a writer from Dorchester, Massachusetts

Connie Campbell, a gardener from Milford, New Hampshire

[next game >>]

Jeopardy! Round responses

LOGICAL GEOGRAPHIC NAMES
FACTS & FIGURES
MUSIC FOR YOUR CAT
THE MIGHTY U.S.S. MISSOURI
DINING OUT
I'LL HAVE THE "HAM"
    $200 8
the Dead Sea

Connie
    $200 2
Florida

Mark
    $200 20
"Honky Cat"

Connie
    $200 7
the Korean War

Connie
    $200 19
root beer

Connie
    $200 14
hamster

Connie
    $400 9
the Yellow River

Connie
    $400 3
(Alex: The Globe and Mail and The Star.)

Toronto

Mark
    $400 21
David Bowie

Mark
    $400 13
Douglas MacArthur

Gerry
    $400 1
Chili's

Mark
    $400 15
the hamstring

Connie
    $600 10
Midway

Mark
    $600 4
(Connie: What are Kewpie dolls?)

bobblehead dolls

ConnieMark
    $600 22
"What's New Pussycat?"

Gerry
    $600 28
battleship gray

Connie
    $600 25
Planet Hollywood

Gerry
    $600 16
Oscar Hammerstein

Connie
    $800 11
(Connie: What is Bikini?)

Christmas Island

Connie
Triple Stumper
    $800 5
William the Conqueror

Connie
    $800 23
(Gerry: What is shaking like a kitten in a tree?)

as helpless as a kitten up a tree

ConnieGerry
    $800 29
[The end-of-round signal sounds.]

William F. Halsey, Jr.

Connie
    $800 26
(Connie: What is 21?)

Sardi's

ConnieGerry
    $800 17
Dashiell Hammett

Gerry
    $1,000 12
Ivory Coast

Mark
    $1000 6
(Connie: What is Lima?)

Quito, Ecuador

ConnieMark
    $1000 24
(Alex: With a minute to go.)

Janet Jackson

Gerry
    $1000 27
bruschetta

Connie
    $1000 18
Hampshire

Connie

Scores at the first commercial break (after clue 14):

Connie Gerry Mark
-$600 $400 $4,200

Scores at the end of the Jeopardy! Round:

Connie Gerry Mark
$4,200 $3,400 $4,600

Double Jeopardy! Round responses

ILLOGICAL GEOGRAPHIC NAMES
ACTRESSES
PLANTS
TOP MAYORS' SALARIES 2002
AUTHORS
THE "UN"CATEGORY
    $400 13
Greenland

Gerry
    $400 6
Goldie Hawn

Connie
    $400 7
thorns

Gerry
    $400 17
Michael Bloomberg

Mark
    $400 1
Ray Bradbury

Gerry
    $400 19
unbleached

Gerry
    $800 22
(Connie: What is St. Louis?)

Kansas City

Connie
Triple Stumper
    $800 8
Sophia Loren

Connie
    $800 9
Narcissus

Connie
    $800 18
Daley/daily

Gerry
    $800 2
Philip Roth

Gerry
    $800 20
Unfaithful

Triple Stumper
    $1200 23
(Connie: What are emeralds?)

"The Emerald Isle"

Connie
    $1200 14
Mira Sorvino

Gerry
    $1200 10
pistil & stamen

Connie
    $1200 28
[The end-of-round signal sounds.]

Denver

Triple Stumper
    $2,400 3
Honore de Balzac

Gerry
    $1200 21
underwriters

Connie
    $1600 24
(Alex: Less than a minute now.)

Illinois

Connie
    $1600 15
Angela Bassett

Gerry
    $3,000 11
Lebanon

Connie
    $1600 4
George Sand

Triple Stumper
    $1600 26
(Connie: What is an unganche?)

ungulate

Connie
Triple Stumper
    $2000 25
California

Connie
    $2000 16
Lillian Gish

Mark
    $2000 12
(Alex: They are put on the winner of the race at Pimlico.)

Maryland

Triple Stumper
    $2000 5
Edna Ferber

Triple Stumper
    $2000 27
"the Unready"

Triple Stumper

Scores at the end of the Double Jeopardy! Round:

Connie Gerry Mark
$14,000 $11,800 $7,000

[wagering suggestions for these scores]

Final Jeopardy! Round responses

CELEBRITY RELATIVES
(Alex: And not only is she a celebrity relative, she is a relative of a celebrity. Her nephew, George Clooney, the other celebrity with that name, directed the film.)
MarkWho is Drew Barrymore
$7,000
GerryWho is Rosemary Cloo ney? Clooney
$11,800
ConnieWho is Ethel Merman
$9,601
Rosemary Clooney

Final scores:

Connie Gerry Mark
$4,399 $23,600 $0
2nd place: $2,000 New champion: $23,600 3rd place: $1,000

Game dynamics:

Coryat scores:

Connie Gerry Mark
$12,600 $10,600 $7,000
23 R
(including 1 DD),
6 W
15 R
(including 1 DD),
1 W
10 R
(including 1 DD),
0 W

Combined Coryat: $30,200

[game clues] [game scores] [suggest correction]

Game tape date: 2003-01-28
The J! Archive is created by fans, for fans. Scraping, republication, monetization, and malicious use prohibited; this site may use cookies and collect identifying information. See terms. The Jeopardy! game show and all elements thereof, including but not limited to copyright and trademark thereto, are the property of Jeopardy Productions, Inc. and are protected under law. This website is not affiliated with, sponsored by, or operated by Jeopardy Productions, Inc. Join the discussion at JBoard.tv.